1205 1666 1855 1839 1013 1932 1872 1334 1937 1136 1928 1629 1278 1639 1148 1134 1080 1918 1868 1055 1862 1728 1239 1317 1390 1063 1346 1381 1410 1952 1717 1913 1887 1732 1586 1636 1775 1180 1425 1190 1953 1132 1947 1924 1534 1916 1961 1046 1658 1602 1567 1692 1601 1355 1370 1841 1799 1620 1487 1103 1418 1271 1847 1226 1096 1749 1065 1004 1312 1692 1905 1003 1506 1450 1166 1014 1572 1964 1603 1924 1017 1363 1112 1749 1728 1105 1974 1337 1732 1472 1340 1483 1772 1330 1636 1074 1926 1736 1806 BCNSPRNW ULIB Ver.6.0+V

เปลี่ยนเป็นภาษาไทย

Change to English
 แสดงรายละเอียดบรรณานุกรม
  กลับหน้าหลัก

Brief Record : Get Marc (ISO 2709) : E-mail record : QR code < ปิดหน้าต่าง
LEADER : 00000nam 2200000uu 4500
001    13399122270
003     ULIB
008    130123s2555||||th 000 0 tha d
060 04 ^aWA541.JT3^bผ932
110    ^aสำนักนโนบายและยุทธศาสตร์ สำนักงานปลัดกระทรวงสาธารณสุข
245 00 ^aแผนพัฒนาสุขภาพแห่งชาติ ในช่วงแผนพัฒนาเศรษฐกิจและสังคมแห่งชาติ ฉบับที่ 11 (พ.ศ.2555 - 2559) /^c[คณะกรรมการอำนวยการจัดทำแผนพัฒนาสุขภาพแห่งชาติ ]
260    ^a[นนทบุรี] :^bโรงพิมพ์องค์การสงเคราะห์ทหารผ่านศึก ในพระบรมราชูปถัมภ์,^c2555
650  4 ^aนโยบายด้านสุขภาพ
650  4 ^aแผนพัฒนาสุขภาพแห่งชาติ
710 2  ^aสำนักนโนบายและยุทธศาสตร์ สำนักงานปลัดกระทรวงสาธารณสุขกระทรวงสาธารณสุข.
710    ^aคณะกรรมการอำนวยการจัดทำแผนพัฒนาสุขภาพแห่งชาติฉบับที่ 11 พ.ศ.2555 - 2559 กระทรวงสาธารณสุข
856    ^a^zแผนพัฒนาสุขภาพแห่งชาติ ฉบับที่ 11.pdf (Fulltext)^uhttp://113.53.232.221:80/UlibM//_fulltext/fulltext/13399122107/20121226141111_1414.pdf
945    ^p0^l0^i19780
945    ^p0^l0^i19781
945    ^p0^l0^i19782
995    ^aทศพร
999    ^aทศพร เกษรทอง
รายการนี้ยังไม่มีแท็ก
คุณยังไม่ได้ล็อกอิน คุณสามารถมีกิจกรรมร่วมกับเว็บไซต์ได้ แต่ต้องล็อกอินก่อน ::
  ล็อกอิน

รายการสื่อสารสนเทศ

ลำดับที่ ประเภท เลขเรียก/บาร์โค้ด สถานที่ สถานะ
1. วิทยาศาสตร์การแพทย์ และสุขภาพ
วิทยาศาสตร์การแพทย์ และสุขภาพ
สถานะ=หนังสือเก่า
WA541.JT3 ผ932 ฉ.1 
  Barcode: 19780
ห้องสมุดวิทยาเขตนครสวรรค์
►ส่วนจัดเก็บหนังสือเก่า นว.
บนชั้น
  ขอยืม
2. วิทยาศาสตร์การแพทย์ และสุขภาพ
วิทยาศาสตร์การแพทย์ และสุขภาพ
สถานะ=หนังสือเก่า
WA541.JT3 ผ932 ฉ.2 
  Barcode: 19781
ห้องสมุดวิทยาเขตนครสวรรค์
►ส่วนจัดเก็บหนังสือเก่า นว.
บนชั้น
  ขอยืม
3. วิทยาศาสตร์การแพทย์ และสุขภาพ
วิทยาศาสตร์การแพทย์ และสุขภาพ
สถานะ=หนังสือเก่า
WA541.JT3 ผ932 ฉ.3 
  Barcode: 19782
ห้องสมุดวิทยาเขตนครสวรรค์
►ส่วนจัดเก็บหนังสือเก่า นว.
บนชั้น
  ขอยืม

รายการใกล้เคียง
    หัวเรื่อง [นโยบายด้านสุขภาพ]
    หัวเรื่อง [แผนพัฒนาสุขภาพแห่งชาติ]

BibComment


ยังไม่เคยถูกคอมเมนท์

คอมเมนท์ทรัพยากรรายการนี้
  คอมเมนท์: แผนพัฒนาสุขภาพแห..


 Copyright 2026. Bcnsprnw @Library